| 000 | 00385nam a2200145Ia 4500 | ||
|---|---|---|---|
| 008 | 230917s9999||||xx |||||||||||||| ||und|| | ||
| 040 |
_e226702 _aMAIN |
||
| 041 | _aEnglish | ||
| 082 | _a519.287 S22P | ||
| 100 | _aSudesh Kumari | ||
| 245 | 0 | _aProfit analysis of system reliability models with preventive maintenance and repair | |
| 260 | _c2014 | ||
| 300 | _a168 p. | ||
| 942 | _cTH | ||
| 999 |
_c126389 _d126389 |
||